000 01032nam a2200289 i 4500
001 185570
003 ES-MaACL
005 20251014063300.0
008 160718s1991 sp f |||| |bspa d
020 _a84-306-1301-3
080 _a232.931
100 1 _aWarner, Marina,
_d1946-
_9160155
245 1 0 _aTú sola entre las mujeres
_b: el mito y el culto de la Virgen María /
_cMarina Warner ; versión castellana de Juan Luis Pintos.
250 _aCon un postfacio para la ed. española
_bM. Warner.
260 _aMadrid :
_bTaurus,
_c1991.
300 _a518 p., [40] p. de lám. ;
_c21 cm.
490 1 _aHumanidades.
_aHistoria ;
_v328
500 _aCronología.
500 _aÍndices.
504 _aBibliografía: p. 477-484.
600 0 4 _aVirgen María
_9115436
600 0 4 _aVirgen María-
_xCulto.
_9115440
700 1 _aPintos, Juan-Luis.
_992240
830 0 0 _aHumanidades (Taurus).
_pHistoria
_v328
_9177933
852 _aES-MaACL
_jL-30442
_z. - Donat. Miguel A. Velasco
999 _c185570
_d185570